000 00922nas a2200277 4500
001 BR0903738
003 BR-BrBNA
005 20231205113446.0
007 ta
008 230509b bl.|||p| |||| 00| 00por d
040 _aBR-BrBNA
_bpor
_cBiblioteca Nacional de Agricultura
041 _a(Pt)
072 _aF08; C20
100 1 _aFreitas, L.A. dos S. de
100 1 _aKaram, K.F.
100 1 _aPinheiro, S.L.G.
245 1 _aConstrução participativa de arranjos silvipastoris: um estudo de caso no município de São Bonifácio, SC
650 _aAGROSSILVICULTURA
650 _aPESQUISA
650 _aAGRICULTURA FAMILIAR
650 _aEXTENSÃO RURAL
773 0 _tExtensão Rural. Revista do DEAER (Brazil)
_xISSN 1415-7802
_g(Jul-Dec 2008), v. 15(16) p. 37-66
_wBR0903738
856 4 0 _uhttp://www.aprh.pt/rgci/pdf/rgci-155_Borges.pdf
909 _a202311
_bLúcia
_c55
_dLúcia Elande
942 _2AGRIS
_n0
_cANA
999 _c203885
_d203885